000 00917nam a22003017a 4500
001 BR7807956
003 BR-BrBNA
005 20230928085842.0
007 ta
008 230509b bl.||||| |||| 00| 0 por d
040 _aBR-BrBNA
_bpor
_cBiblioteca Nacional de Agricultura
041 _a(Por)
072 _aE70
_b0100
_b1300
_b6000
_b9600
_b/G514
090 _ 0100 BR7807956
110 1 _aSistema Nacional de Informacao de Mercado Agricola, Manaus, AM (Brasil)
_99573
245 1 _aOscilacao mensal de precos medios em porcentagem. Outubro/novembro/1978 [cereal, hortalica, ave domestica, ovo, Amazonas, Brasil]
260 3 _aManaus, AM (Brasil):
_c1978.
300 _a5 p.
650 _aPRODUTO AGRICOLA
650 _aCEREAL
650 _aHORTALICA
650 _aAVE DOMESTICA
650 _aOVO
650 _aPRECO MEDIO
650 _aAMAZONAS
909 _a202309
_bLucia
_c55
_dLucia Elande
942 _cBK
999 _c26701
_d26701